[Event "POL-chT 47th"]
[Site "Mikolajki"]
[Date "1991.09.??"]
[Round "7"]
[White "Dukaczewski, Piotr"]
[Black "Liberus, Marek"]
[Result "1-0"]
[WhiteElo "2210"]
[BlackElo "2235"]
[PlyCount "73"]
[EventDate "1991.09.20"]
[EventType "team-swiss"]
[EventRounds "9"]
[EventCountry "POL"]
[SourceTitle "EXT 2019"]
[Source "ChessBase"]
[SourceDate "2018.10.10"]
[SourceVersion "1"]
[SourceVersionDate "2018.10.10"]
[SourceQuality "1"]
[WhiteTeam "Warszawa AZS UW"]
[BlackTeam "Gliwice Piast"]
[WhiteTeamCountry "POL"]
[BlackTeamCountry "POL"]

1. e4 e5 2. Nf3 Nc6 3. d4 exd4 4. Nxd4 Bc5 5. Nb3 Bb4+ 6. Bd2 Qh4 7. Bd3 Nf6 8. Bxb4 Nxb4 9. Nc3 d5 10. exd5 0-0 11. 0-0 Nbxd5 12. Nxd5 Nxd5 13. Bxh7+ Qxh7 14. Qxd5 Qxc2 15. Qe5 c6 16. Rac1 Qg6 17. Rc3 b6 18. Nd4 c5 19. Rg3 Qxg3 20. hxg3 cxd4 21. Qxd4 Be6 22. b3 Rfd8 23. Qf4 a5 24. Rc1 a4 25. Qb4 axb3 26. axb3 b5 27. Rc3 Rd5 28. g4 Ra1+ 29. Kh2 Rad1 30. f3 Rb1 31. Qe4 Rb2 32. f4 g6 33. f5 gxf5 34. gxf5 Rxf5 35. Rg3+ Kf8 36. Qa8+ Ke7 37. Qa3+ 1-0

[Event "POL-chT 47th"]
[Site "Mikolajki"]
[Date "1991.09.??"]
[Round "2"]
[White "Liberus, Marek"]
[Black "Pisulinski, Jan"]
[Result "0-1"]
[WhiteElo "2235"]
[BlackElo "2345"]
[PlyCount "69"]
[EventDate "1991.09.20"]
[EventType "team-swiss"]
[EventRounds "9"]
[EventCountry "POL"]
[SourceTitle "EXT 2019"]
[Source "ChessBase"]
[SourceDate "2018.10.10"]
[SourceVersion "1"]
[SourceVersionDate "2018.10.10"]
[SourceQuality "1"]
[WhiteTeam "Gliwice Piast"]
[BlackTeam "Gorzow Wielkopolski Stilon"]
[WhiteTeamCountry "POL"]
[BlackTeamCountry "POL"]

1. e4 c5 2. Nf3 d6 3. Nc3 e5 4. Bc4 Be7 5. d3 Nf6 6. Ng5 0-0 7. f4 Nc6 8. f5 Nd4 9. Nf3 d5 10. Nxd5 Nxd5 11. Bxd5 Nxf5 12. Nxe5 Bh4+ 13. g3 Nxg3 14. hxg3 Bxg3+ 15. Kf1 Bxe5 16. Qh5 Qf6+ 17. Ke2 Qg6 18. Qxg6 hxg6 19. Be3 Re8 20. Bxc5 Be6 21. Bxe6 Rxe6 22. Be3 Bd6 23. Raf1 Rae8 24. Rh3 b6 25. Kd2 f6 26. Bf4 Bf8 27. c3 g5 28. Be3 Bd6 29. Rhf3 Kh7 30. Rf5 Be5 31. d4 Bc7 32. e5 Bd8 33. Kd3 fxe5 34. d5 e4+ 35. Kc4 0-1

[Event "Katowice op"]
[Site "Katowice"]
[Date "1990.??.??"]
[Round "7"]
[White "Liberus, Marek"]
[Black "Kveinys, Aloyzas"]
[Result "0-1"]
[WhiteElo "2220"]
[BlackElo "2475"]
[PlyCount "70"]
[EventDate "1990.01.27"]
[EventType "swiss"]
[EventRounds "11"]
[EventCountry "POL"]
[SourceTitle "EXT 1997"]
[Source "ChessBase"]
[SourceDate "1996.11.15"]
[SourceVersion "1"]
[SourceVersionDate "1996.11.15"]
[SourceQuality "1"]

1. e4 c5 2. Nf3 e6 3. Nc3 Nc6 4. Bb5 Nge7 5. 0-0 a6 6. Bxc6 Nxc6 7. d4 cxd4 8. Nxd4 Qc7 9. Re1 Bd6 10. g3 Nxd4 11. Qxd4 Be5 12. Qd3 b5 13. a4 b4 14. Ne2 Bb7 15. Bf4 0-0 16. Rad1 Rfd8 17. c4 bxc3 18. Bxe5 Qxe5 19. Nxc3 Bc6 20. b4 Rab8 21. Rb1 Rdc8 22. f4 Qh5 23. b5 axb5 24. axb5 Bb7 25. Na4 d5 26. e5 d4 27. Rb4 Qh3 28. Qf1 Qg4 29. Rxd4 Rc2 30. Qd3 Rg2+ 31. Kf1 g6 32. Rd8+ Kg7 33. Rxb8 Qh3 34. Re3 Qxh2 35. Ke1 Qg1+ 0-1